[Event "Mexican op 69th"]
[Site "Mexico City"]
[Date "2024.03.30"]
[Round "8"]
[White "Frey Beckman, Kenneth"]
[Black "Diaz Rosas, Julio Cesar"]
[Result "0-1"]
[WhiteElo "2093"]
[BlackElo "2404"]
[PlyCount "112"]
[EventDate "2024.03.26"]
[EventType "swiss"]
[EventRounds "9"]
[EventCountry "MEX"]
[SourceTitle "CB14_2024"]
[SourceDate "2024.04.01"]
[SourceVersion "1"]
[SourceVersionDate "2024.04.01"]
[SourceQuality "1"]

1. Nf3 d5 2. d4 Nf6 3. c4 e6 4. Nc3 Nbd7 5. Bg5 Bb4 6. e3 c5 7. cxd5 exd5 8. Bxf6 Nxf6 9. Bb5+ Bd7 10. Bxd7+ Qxd7 11. Ne5 Qb5 12. Qe2 Qa5 13. 0-0 0-0 14. dxc5 Bxc3 15. bxc3 Qxc5 16. Rfc1 Rfe8 17. Nf3 Rac8 18. Qb2 b6 19. Qb4 Ne4 20. Nd4 Nxc3 21. Qb2 Qa5 22. Nf5 Rc6 23. Rc2 Kf8 24. Rac1 Rec8 25. Kh1 f6 26. g4 g6 27. Nd6 Rxd6 28. Rxc3 Rc4 29. g5 Qc5 30. gxf6 Kf7 31. e4 Qd4 32. Qc2 Rdc6 33. Rxc4 Rxc4 34. Rd1 Rxc2 35. Rxd4 dxe4 36. Rd7+ Kxf6 37. Rxa7 Rxf2 38. Kg1 Rb2 39. a4 h5 40. h4 Kf5 41. Kf1 Kg4 42. Rg7 Kf3 43. Rf7+ Kg3 44. Rf6 Kxh4 45. Rxg6 Kh3 46. Rg5 h4 47. a5 bxa5 48. Rxa5 Kg4 49. Re5 Kf3 50. Rf5+ Ke3 51. Rh5 Rb1+ 52. Kg2 Ke2 53. Rxh4 e3 54. Ra4 Ke1 55. Ra8 e2 56. Ra7 Kd1 0-1

[Event "Mexican op 69th"]
[Site "Mexico City"]
[Date "2024.03.29"]
[Round "5"]
[White "Diaz Rosas, Julio Cesar"]
[Black "Martin Del Campo C, Roberto Abel"]
[Result "1/2-1/2"]
[WhiteElo "2404"]
[BlackElo "2204"]
[PlyCount "53"]
[EventDate "2024.03.26"]
[EventType "swiss"]
[EventRounds "9"]
[EventCountry "MEX"]
[SourceTitle "CB14_2024"]
[SourceDate "2024.04.01"]
[SourceVersion "1"]
[SourceVersionDate "2024.04.01"]
[SourceQuality "1"]

1. e4 c5 2. Nf3 Nc6 3. d4 cxd4 4. Nxd4 e5 5. Nb5 d6 6. c4 Be7 7. Be2 Nf6 8. N1c3 a6 9. Na3 Nd4 10. 0-0 0-0 11. Nc2 Nxc2 12. Qxc2 Be6 13. a4 Nd7 14. b3 Nb8 15. Nd5 Bxd5 16. exd5 a5 17. Bd3 h6 18. f4 Bf6 19. Rb1 Nd7 20. Qe2 Nc5 21. Bc2 e4 22. Be3 Re8 23. Qh5 Qb6 24. g4 Qb4 25. g5 hxg5 26. fxg5 g6 27. Qh3 1/2-1/2

[Event "Titled Tuesday intern op 06th Feb Early"]
[Site "Chess.com INT"]
[Date "2024.02.06"]
[Round "6"]
[White "Diaz Rosas, Julio Cesar"]
[Black "Bindrich, Falko"]
[Result "1/2-1/2"]
[WhiteElo "2404"]
[BlackElo "2584"]
[PlyCount "141"]
[EventDate "2024.02.06"]
[EventType "swiss (blitz)"]
[EventRounds "11"]
[EventCountry "USA"]
[SourceTitle "CB07_2024"]
[SourceDate "2024.02.14"]
[SourceVersion "1"]
[SourceVersionDate "2024.02.14"]
[SourceQuality "1"]

1. d4 d5 2. c4 e6 3. Nf3 Nf6 4. g3 Bb4+ 5. Bd2 Bd6 6. Bg2 c6 7. 0-0 Nbd7 8. Qc2 0-0 9. Nc3 dxc4 10. a4 e5 11. dxe5 Nxe5 12. Rad1 Nxf3+ 13. Bxf3 Qe7 14. Bg5 Be5 15. Bg2 h6 16. Be3 Be6 17. Bd4 Bxd4 18. Rxd4 Rad8 19. Rfd1 Rxd4 20. Rxd4 Rd8 21. Qd2 Rxd4 22. Qxd4 Qb4 23. Qd8+ Kh7 24. Qd2 Nd5 25. Be4+ Kg8 26. Kg2 a5 27. f4 Qc5 28. Bf3 Ne3+ 29. Kh1 Bd5 30. Ne4 Qb6 31. g4 Kf8 32. h3 Ke7 33. Nc3 Bxf3+ 34. exf3 f6 35. f5 Qc5 36. Qe2 Qe5 37. Ne4 Nd5 38. Qxc4 Qxb2 39. Qc5+ Ke8 40. Qd6 Qc1+ 41. Kg2 Ne3+ 42. Kf2 Nd1+ 43. Kg2 Qb2+ 44. Kh1 Nf2+ 45. Nxf2 Qxf2 46. Qb8+ Kd7 47. Qxb7+ Kd6 48. Qb8+ Kd5 49. Qd8+ Kc4 50. Qd1 Kb4 51. Qc1 Qxf3+ 52. Kh2 Qf2+ 53. Kh1 Qf3+ 54. Kh2 Qc3 55. Qb1+ Kxa4 56. Qa2+ Kb5 57. Qb1+ Qb4 58. Qf1+ Qc4 59. Qb1+ Ka6 60. Qb8 a4 61. Qa8+ Kb5 62. Qb7+ Kc5 63. Qxg7 Qc2+ 64. Kg3 Qc3+ 65. Kg2 a3 66. Qxh6 a2 67. Qf8+ Kb5 68. Qb8+ Kc5 69. Qf8+ Kb6 70. Qb8+ Kc5 71. Qf8+ 1/2-1/2

[Event "Titled Tuesday intern op 06th Feb Early"]
[Site "Chess.com INT"]
[Date "2024.02.06"]
[Round "9"]
[White "Diaz Rosas, Julio Cesar"]
[Black "Cordoba Roa, Angel Gabriel"]
[Result "0-1"]
[WhiteElo "2404"]
[BlackElo "2312"]
[PlyCount "84"]
[EventDate "2024.02.06"]
[EventType "swiss (blitz)"]
[EventRounds "11"]
[EventCountry "USA"]
[SourceTitle "CB07_2024"]
[SourceDate "2024.02.14"]
[SourceVersion "1"]
[SourceVersionDate "2024.02.14"]
[SourceQuality "1"]

1. d4 Nf6 2. c4 e6 3. Nc3 d5 4. Nf3 dxc4 5. e4 b5 6. e5 Nd5 7. Nxb5 Nb6 8. Be2 Be7 9. 0-0 Nc6 10. Be3 0-0 11. Qd2 Rb8 12. Nc3 Nb4 13. Rac1 Bb7 14. Rfd1 Qd7 15. a3 N4d5 16. Bg5 Nxc3 17. Rxc3 Bd5 18. h4 Na4 19. Rc2 Rxb2 20. Ra1 Rxc2 21. Qxc2 Nb6 22. a4 a5 23. Be3 Bc6 24. Bd1 Rb8 25. h5 h6 26. Nd2 Bd5 27. g4 Qc8 28. Ne4 Nd7 29. f4 Qb7 30. Ng3 Qb3 31. Qf2 Qb2 32. Rc1 Qxf2+ 33. Kxf2 Rb2+ 34. Be2 Nb6 35. Kf1 Nxa4 36. Bxc4 Nb6 37. Bd3 c6 38. f5 Bh4 39. Bf4 Rg2 40. Ne2 Rxg4 41. Be3 Bg2+ 42. Kg1 Be4+ 0-1

[Event "Titled Tuesday intern op 06th Feb Early"]
[Site "Chess.com INT"]
[Date "2024.02.06"]
[Round "1"]
[White "Nakamura, Hikaru"]
[Black "Diaz Rosas, Julio Cesar"]
[Result "1-0"]
[WhiteElo "2788"]
[BlackElo "2404"]
[PlyCount "49"]
[EventDate "2024.02.06"]
[EventType "swiss (blitz)"]
[EventRounds "11"]
[EventCountry "USA"]
[SourceTitle "CB07_2024"]
[SourceDate "2024.02.14"]
[SourceVersion "1"]
[SourceVersionDate "2024.02.14"]
[SourceQuality "1"]

1. Nf3 d5 2. b3 Nf6 3. Bb2 e6 4. e3 Be7 5. c4 0-0 6. d4 b6 7. cxd5 exd5 8. Bd3 Bb7 9. 0-0 Re8 10. Nc3 Bd6 11. a3 c5 12. dxc5 bxc5 13. Bb5 Re7 14. Rc1 a6 15. Bd3 Nc6 16. Na4 Nd7 17. Bf5 Nce5 18. Nxe5 Nxe5 19. Nxc5 Bc8 20. Bxc8 Rxc8 21. Qxd5 Nc4 22. Qxc4 Bxc5 23. Qg4 Qf8 24. b4 h5 25. Qh3 1-0

[Event "MEX-ch"]
[Site "Mexico City"]
[Date "2023.11.09"]
[Round "3"]
[White "Gonzalez Zamora, Juan Carlos"]
[Black "Diaz Rosas, Julio Cesar"]
[Result "0-1"]
[WhiteElo "2484"]
[BlackElo "2343"]
[PlyCount "108"]
[EventDate "2023.11.07"]
[EventType "swiss"]
[EventRounds "9"]
[EventCountry "MEX"]
[SourceTitle "CB46_2023"]
[SourceDate "2023.11.15"]
[SourceVersion "1"]
[SourceVersionDate "2023.11.15"]
[SourceQuality "1"]

1. Nf3 d5 2. d4 Nf6 3. c4 e6 4. g3 Be7 5. Bg2 0-0 6. Nc3 dxc4 7. 0-0 Nd5 8. Ne5 Nb6 9. e4 c5 10. dxc5 Bxc5 11. Qe2 a6 12. Nxc4 Nxc4 13. Qxc4 Nd7 14. Qe2 Bd4 15. Be3 Bxc3 16. bxc3 Qc7 17. a4 b6 18. a5 bxa5 19. Qa2 Bb7 20. Qxa5 Rfc8 21. Rfb1 Bc6 22. Qxc7 Rxc7 23. Ra5 Rb7 24. Rd1 Kf8 25. h3 Ke7 26. c4 Rb4 27. Rc5 Rc8 28. e5 Bb7 29. Rxc8 Bxc8 30. Rc1 Bb7 31. Bf1 Rb3 32. Bd4 Bc6 33. Ra1 Bb7 34. Kh2 Kd8 35. h4 Kc7 36. h5 h6 37. Be2 Kc8 38. g4 Nb8 39. Rc1 Nc6 40. Bc3 a5 41. Bd1 Ra3 42. f3 Nb4 43. Bxb4 axb4 44. Kg3 Rc3 45. Rxc3 bxc3 46. Kf2 Ba6 47. Ke3 Bxc4 48. Bc2 Kc7 49. f4 Kb6 50. f5 exf5 51. gxf5 Kc5 52. Be4 Bb3 53. Bd3 c2 54. Kd2 Kd5 0-1

[Event "Cancun Camara Cup 11th"]
[Site "Cancun"]
[Date "2023.10.15"]
[Round "9"]
[White "Diaz Rosas, Julio Cesar"]
[Black "Corrales Jimenez, Zenia"]
[Result "1-0"]
[WhiteElo "2337"]
[BlackElo "2146"]
[PlyCount "99"]
[EventDate "2023.10.11"]
[EventType "swiss"]
[EventRounds "9"]
[EventCountry "MEX"]
[SourceTitle "Mega2024 Update 01"]
[Source "Chessbase"]
[SourceDate "2023.11.12"]
[SourceVersion "1"]
[SourceVersionDate "2023.11.12"]
[SourceQuality "1"]

1. e4 c5 2. Nf3 d6 3. d4 cxd4 4. Nxd4 Nf6 5. Nc3 g6 6. Be3 Bg7 7. f3 Nc6 8. Qd2 0-0 9. 0-0-0 d5 10. exd5 Nxd5 11. Nxc6 bxc6 12. Bd4 e5 13. Bc5 Be6 14. Ne4 Re8 15. h4 h6 16. h5 g5 17. g4 Qc7 18. Bc4 Red8 19. Qf2 Rd7 20. Bb3 Rad8 21. Rd2 Nf4 22. Rhd1 Rxd2 23. Rxd2 Rxd2 24. Qxd2 Bxb3 25. axb3 Ne6 26. b4 Nd4 27. Qd3 a5 28. c3 Ne6 29. Qd6 Qxd6 30. Bxd6 axb4 31. Bxb4 Nf4 32. Kd2 f5 33. Nf2 e4 34. Bd6 exf3 35. Bxf4 gxf4 36. gxf5 Bf8 37. Ne4 Be7 38. Ke1 Bh4+ 39. Kf1 Kf7 40. b4 Ke8 41. f6 Kf7 42. c4 Ke6 43. b5 cxb5 44. cxb5 Kd5 45. f7 Be7 46. Kf2 Ke6 47. b6 Kd7 48. Kxf3 Kc6 49. Kxf4 Kxb6 50. Ke5 1-0

[Event "Cancun Camara Cup 11th"]
[Site "Cancun"]
[Date "2023.10.14"]
[Round "6"]
[White "Mareco, Sandro"]
[Black "Diaz Rosas, Julio Cesar"]
[Result "1-0"]
[WhiteElo "2606"]
[BlackElo "2337"]
[PlyCount "65"]
[EventDate "2023.10.11"]
[EventType "swiss"]
[EventRounds "9"]
[EventCountry "MEX"]
[SourceTitle "Mega2024 Update 01"]
[Source "Chessbase"]
[SourceDate "2023.11.12"]
[SourceVersion "1"]
[SourceVersionDate "2023.11.12"]
[SourceQuality "1"]

1. c4 Nf6 2. Nc3 e6 3. Nf3 d5 4. e3 b6 5. d4 Bb7 6. cxd5 exd5 7. b3 Bd6 8. Bb2 0-0 9. Rc1 Re8 10. Bd3 Nbd7 11. 0-0 a6 12. Ne2 Rc8 13. Ng3 g6 14. Qe2 Qe7 15. Rc2 Ra8 16. Rfc1 Ng4 17. Nf1 f6 18. Rxc7 Bxc7 19. Rxc7 Rab8 20. Bxa6 Bxa6 21. Qxa6 Qe6 22. h3 Nh6 23. Ne1 Nf8 24. Nd3 Nf7 25. Qb5 Qd6 26. Ra7 Rbc8 27. Nb4 Red8 28. Ra6 Qe6 29. Ng3 Rd6 30. Ne2 Qf5 31. Nc3 Ng5 32. Nbxd5 Qc2 33. Ne7+ 1-0

[Event "Cancun Camara Cup 11th"]
[Site "Cancun"]
[Date "2023.10.13"]
[Round "5"]
[White "Diaz Rosas, Julio Cesar"]
[Black "Elias Reyes, Jorge Roberto"]
[Result "1/2-1/2"]
[WhiteElo "2337"]
[BlackElo "2466"]
[PlyCount "106"]
[EventDate "2023.10.11"]
[EventType "swiss"]
[EventRounds "9"]
[EventCountry "MEX"]
[SourceTitle "Mega2024 Update 01"]
[Source "Chessbase"]
[SourceDate "2023.11.12"]
[SourceVersion "1"]
[SourceVersionDate "2023.11.12"]
[SourceQuality "1"]

1. e4 c5 2. Nf3 d6 3. d4 cxd4 4. Nxd4 Nf6 5. Nc3 g6 6. Be3 Bg7 7. f3 0-0 8. Qd2 Nc6 9. 0-0-0 d5 10. exd5 Nxd5 11. Nxc6 bxc6 12. Bd4 e5 13. Bc5 Re8 14. Ne4 Qc7 15. h4 f5 16. Nd6 Rd8 17. Nxc8 Raxc8 18. Bc4 h5 19. Kb1 Kh7 20. Qf2 Rb8 21. Bb3 a5 22. a4 Nb4 23. g4 Nd3 24. Rxd3 Rxd3 25. cxd3 Rxb3 26. gxh5 gxh5 27. Qc2 Qf7 28. Rg1 e4 29. Ba3 exd3 30. Qxc6 Bd4 31. Rg2 Rxa3 32. bxa3 Qb3+ 33. Kc1 Be3+ 34. Rd2 Qxa3+ 35. Kb1 Bxd2 36. Qd7+ Kg8 37. Qe6+ Kg7 38. Qe5+ Kg6 39. Qe6+ Kg7 40. Qe5+ Kf7 41. Qxf5+ Ke7 42. Qe5+ Kd7 43. Qf5+ Kd8 44. Qd5+ Kc7 45. Qf7+ Kc6 46. Qe8+ Kc7 47. Qf7+ Kc6 48. Qe8+ Kd5 49. Qe4+ Kd6 50. Qg6+ Ke5 51. Qe4+ Kd6 52. Qg6+ Kc7 53. Qf7+ Kc6 1/2-1/2

[Event "Titled Tuesday intern op 13th Jun Late"]
[Site "Chess.com INT"]
[Date "2023.06.13"]
[Round "2"]
[White "Diaz Rosas, Julio Cesar"]
[Black "Kosakowski, Jakub"]
[Result "0-1"]
[WhiteElo "2337"]
[BlackElo "2485"]
[PlyCount "96"]
[EventDate "2023.06.13"]
[EventType "swiss (blitz)"]
[EventRounds "11"]
[EventCountry "USA"]
[SourceTitle "EXT 2024"]
[Source "ChessBase"]
[SourceDate "2023.10.10"]
[SourceVersion "1"]
[SourceVersionDate "2023.10.10"]
[SourceQuality "1"]

1. e4 e5 2. Nf3 Nc6 3. Bb5 Nf6 4. d3 Bc5 5. Bxc6 dxc6 6. Qe2 Qe7 7. Nbd2 Bg4 8. h3 Bh5 9. Nf1 Nd7 10. Be3 Nf8 11. 0-0-0 Bxf3 12. Qxf3 Ne6 13. Kb1 f6 14. h4 0-0-0 15. h5 Bd4 16. Bc1 Kb8 17. Ne3 Qd7 18. Nf5 Bb6 19. Qg3 Qf7 20. Ne3 Nf4 21. Qf3 Ne6 22. Nf5 Rd7 23. g3 Rhd8 24. Qg2 g6 25. hxg6 hxg6 26. Ne3 Bxe3 27. Bxe3 c5 28. Rdf1 g5 29. Qh3 b5 30. f4 gxf4 31. gxf4 exf4 32. Bc1 c4 33. dxc4 bxc4 34. Qc3 Rd4 35. Re1 Nc5 36. Qb4+ Nb7 37. Rhf1 Qe6 38. Rxf4 Re8 39. Qc3 Rd6 40. Rf2 Ka8 41. Rfe2 Nc5 42. Qa3 Qe5 43. Be3 Rc6 44. Bg1 Rb8 45. Ka1 Ra6 46. Qc3 Qxc3 47. bxc3 Na4 48. Bd4 c5 0-1

[Event "Titled Tuesday intern op 13th Jun Late"]
[Site "Chess.com INT"]
[Date "2023.06.13"]
[Round "7"]
[White "Diaz Rosas, Julio Cesar"]
[Black "Yang, Kevin S"]
[Result "1-0"]
[WhiteElo "2337"]
[BlackElo "2096"]
[PlyCount "63"]
[EventDate "2023.06.13"]
[EventType "swiss (blitz)"]
[EventRounds "11"]
[EventCountry "USA"]
[SourceTitle "EXT 2024"]
[Source "ChessBase"]
[SourceDate "2023.10.10"]
[SourceVersion "1"]
[SourceVersionDate "2023.10.10"]
[SourceQuality "1"]

1. e4 e6 2. d4 a6 3. Bd3 d5 4. e5 c5 5. c3 Nc6 6. Nf3 Nge7 7. 0-0 Ng6 8. Re1 Be7 9. g3 b6 10. h4 0-0 11. h5 Nh8 12. a3 f6 13. Bf4 Nf7 14. Bc2 f5 15. Nh2 Bg5 16. Be3 Bxe3 17. Rxe3 Ng5 18. Nd2 cxd4 19. cxd4 f4 20. gxf4 Rxf4 21. Rg3 Nf7 22. Ndf3 Ne7 23. Qd2 Re4 24. Ng5 Nxg5 25. Qxg5 Qf8 26. Bxe4 dxe4 27. Ng4 Kh8 28. h6 g6 29. Rc1 Nf5 30. Rc7 Nxd4 31. Qf6+ Qxf6 32. Nxf6 1-0

[Event "Titled Tuesday intern op 06th Jun Early"]
[Site "Chess.com INT"]
[Date "2023.06.06"]
[Round "10"]
[White "Bornholdt, Joa Max"]
[Black "Diaz Rosas, Julio Cesar"]
[Result "1-0"]
[WhiteElo "2260"]
[BlackElo "2337"]
[PlyCount "119"]
[EventDate "2023.06.06"]
[EventType "swiss (blitz)"]
[EventRounds "11"]
[EventCountry "USA"]
[SourceTitle "EXT 2024"]
[Source "ChessBase"]
[SourceDate "2023.10.10"]
[SourceVersion "1"]
[SourceVersionDate "2023.10.10"]
[SourceQuality "1"]

1. e4 c5 2. c3 Nf6 3. e5 Nd5 4. d4 cxd4 5. Nf3 g6 6. cxd4 Bg7 7. h4 h5 8. Nc3 Nxc3 9. bxc3 d6 10. exd6 Qxd6 11. Bd3 0-0 12. Rb1 Bg4 13. Be4 Nc6 14. Rxb7 Rab8 15. Rxb8 Rxb8 16. 0-0 Na5 17. Qa4 Qc7 18. Ng5 Bd7 19. Bf4 e5 20. Qa3 exf4 21. Qe7 Rf8 22. Bd5 Nc6 23. Bxf7+ Kh8 24. Qc5 Qb6 25. Qd6 Nb8 26. Qe7 Qf6 27. Qb4 Nc6 28. Qc4 Bf5 29. Re1 Nd8 30. Bd5 Bh6 31. Qc5 f3 32. Bxf3 Bg7 33. Qxa7 Bd3 34. Re7 Bc4 35. Qc7 Bg8 36. Re3 Ne6 37. Nxe6 Bxe6 38. a4 Bg4 39. a5 Bh6 40. Rd3 Qf5 41. Qc4 Bxf3 42. Rxf3 Qb1+ 43. Kh2 Rxf3 44. gxf3 Bf4+ 45. Kg2 g5 46. Qc8+ Kh7 47. Qd7+ Kh6 48. Qe6+ Kg7 49. Qe7+ Kg6 50. Qe6+ Kg7 51. Qe7+ Kh8 52. Qf8+ Kh7 53. Qf7+ Kh6 54. Qf6+ Kh7 55. hxg5 Bd2 56. Qh6+ Kg8 57. Qe6+ Kg7 58. Qf6+ Kh7 59. Qf7+ Kh8 60. g6 1-0

[Event "Titled Tuesday intern op 06th Jun Early"]
[Site "Chess.com INT"]
[Date "2023.06.06"]
[Round "1"]
[White "Gabr, Mohsen"]
[Black "Diaz Rosas, Julio Cesar"]
[Result "0-1"]
[WhiteElo "2212"]
[BlackElo "2337"]
[PlyCount "80"]
[EventDate "2023.06.06"]
[EventType "swiss (blitz)"]
[EventRounds "11"]
[EventCountry "USA"]
[SourceTitle "EXT 2024"]
[Source "ChessBase"]
[SourceDate "2023.10.10"]
[SourceVersion "1"]
[SourceVersionDate "2023.10.10"]
[SourceQuality "1"]

1. g3 d5 2. Bg2 e6 3. b3 Nf6 4. Bb2 a5 5. Nc3 Be7 6. e3 0-0 7. Nge2 c6 8. 0-0 b5 9. d3 a4 10. bxa4 bxa4 11. a3 Nbd7 12. Qd2 Re8 13. e4 Bb7 14. exd5 cxd5 15. d4 Nb6 16. Nd1 Nc4 17. Qc1 Nxb2 18. Nxb2 Ba6 19. Re1 Qa5 20. Nd3 Rec8 21. Ne5 Ra7 22. Nf4 Rac7 23. Ra2 Rxc2 24. Rxc2 Rxc2 25. Qa1 Bxa3 26. Bf3 Qd2 27. Re2 Qc1+ 28. Qxc1 Rxc1+ 29. Kg2 Bxe2 30. Nxe2 Rc7 31. Nd3 Bd6 32. Nec1 a3 33. Na2 Ne4 34. Bxe4 dxe4 35. Ndc1 Rc2 36. Kf1 Bb4 37. Nxb4 Rxc1+ 38. Ke2 Rb1 39. Nc6 a2 40. Ke3 a1Q 0-1

[Event "Titled Tuesday intern op 06th Jun Early"]
[Site "Chess.com INT"]
[Date "2023.06.06"]
[Round "7"]
[White "Yeritsyan, Hayk"]
[Black "Diaz Rosas, Julio Cesar"]
[Result "1-0"]
[WhiteElo "2241"]
[BlackElo "2337"]
[PlyCount "79"]
[EventDate "2023.06.06"]
[EventType "swiss (blitz)"]
[EventRounds "11"]
[EventCountry "USA"]
[SourceTitle "EXT 2024"]
[Source "ChessBase"]
[SourceDate "2023.10.10"]
[SourceVersion "1"]
[SourceVersionDate "2023.10.10"]
[SourceQuality "1"]

1. Nf3 d5 2. d3 Nf6 3. Nbd2 g6 4. e4 Bg7 5. g3 0-0 6. Bg2 c5 7. 0-0 Nc6 8. Re1 d4 9. a4 e5 10. Nc4 Re8 11. Rf1 b6 12. Nh4 Ba6 13. b3 Bxc4 14. bxc4 h6 15. Qe1 Nh7 16. f4 Nb4 17. Qf2 Qd7 18. f5 g5 19. f6 Bf8 20. Nf5 Qc6 21. a5 Re6 22. axb6 Qxb6 23. Ne7+ Kh8 24. Nd5 Nxd5 25. exd5 Rxf6 26. Qe2 Rxf1+ 27. Qxf1 Kg7 28. Bd2 Bd6 29. Qf5 Rf8 30. Be4 Nf6 31. Bg2 Bb8 32. Rf1 Qd6 33. h4 gxh4 34. g4 Rg8 35. g5 Nh7 36. Qxf7+ Kh8 37. Be4 Nxg5 38. Bxg5 Rxg5+ 39. Kh1 Qd8 40. Qh7# 1-0

[Event "Mexican op 68th"]
[Site "Mexico City"]
[Date "2023.04.08"]
[Round "8"]
[White "Diaz Rosas, Julio Cesar"]
[Black "Hernandez Carmenates, Holden"]
[Result "0-1"]
[WhiteElo "2327"]
[BlackElo "2472"]
[PlyCount "118"]
[EventDate "2023.04.04"]
[EventType "swiss"]
[EventRounds "9"]
[EventCountry "MEX"]
[SourceTitle "CBM 213 Extra"]
[Source "ChessBase"]
[SourceDate "2023.05.31"]
[SourceVersion "1"]
[SourceVersionDate "2023.05.31"]
[SourceQuality "1"]

1. e4 c6 2. d4 d5 3. exd5 cxd5 4. Bd3 Nf6 5. h3 g6 6. Nf3 Bf5 7. Bb5+ Nc6 8. 0-0 Bg7 9. Nc3 0-0 10. Ne2 Nb4 11. Ba4 b5 12. Bb3 a5 13. Bd2 Nc6 14. a4 bxa4 15. Bxa4 Qb6 16. Be3 Rfc8 17. Ne5 Nd8 18. Ra2 Qc7 19. c3 Ne4 20. Bf4 Nd6 21. Bh2 Rcb8 22. Nf4 Qb7 23. Ned3 Bxd3 24. Nxd3 Qc7 25. Re1 N8b7 26. Ne5 e6 27. Qf3 Rd8 28. h4 Rdc8 29. h5 Qe7 30. Nd7 Ra7 31. hxg6 hxg6 32. Nb6 Rd8 33. Nxd5 Qg5 34. Ne3 e5 35. dxe5 Bxe5 36. Bxe5 Qxe5 37. Nc2 Qg5 38. Nd4 Ra6 39. Qe3 Qxe3 40. Rxe3 Kf8 41. Bc2 Rb6 42. Bd3 a4 43. Rf3 Nc5 44. Bc2 Rdb8 45. Bxa4 Rxb2 46. Rxb2 Rxb2 47. Bc6 Nc4 48. Bd5 Ne5 49. Rg3 Ncd3 50. f3 Nf4 51. Be4 Ke7 52. Kf1 Nc4 53. Kg1 Ne3 54. Rg5 f5 55. Bxf5 gxf5 56. Rg8 Kf7 57. Ra8 Rxg2+ 58. Kh1 Nh3 59. Ra7+ Ke8 0-1

[Event "Titled Tuesday intern op 21st Mar Early"]
[Site "Chess.com INT"]
[Date "2023.03.21"]
[Round "8"]
[White "Diaz Rosas, Julio Cesar"]
[Black "Hernandez Gonzalez, William"]
[Result "0-1"]
[WhiteElo "2327"]
[BlackElo "2489"]
[PlyCount "158"]
[EventDate "2023.03.21"]
[EventType "swiss (blitz)"]
[EventRounds "11"]
[EventCountry "USA"]
[SourceTitle "EXT 2024"]
[Source "ChessBase"]
[SourceDate "2023.10.10"]
[SourceVersion "1"]
[SourceVersionDate "2023.10.10"]
[SourceQuality "1"]

1. e4 c5 2. Nf3 Nc6 3. d4 cxd4 4. Nxd4 e5 5. Nb5 d6 6. c4 Be6 7. N1c3 a6 8. Na3 Rc8 9. Be2 g6 10. Nc2 Bg7 11. 0-0 Nd4 12. Nxd4 exd4 13. Nd5 Bxd5 14. exd5 Ne7 15. Bd3 0-0 16. Re1 Re8 17. Bg5 Qd7 18. Qd2 Nf5 19. h3 b5 20. b3 bxc4 21. Bxc4 Qb7 22. g4 Ne7 23. Bxe7 Rxe7 24. Rxe7 Qxe7 25. Bxa6 Rc3 26. Re1 Qd8 27. Bb5 Be5 28. Bd3 Qh4 29. Kg2 h5 30. Re4 hxg4 31. Rxg4 Qe7 32. Qe2 Qb7 33. Qe4 Qe7 34. f4 Bf6 35. f5 Qxe4+ 36. Bxe4 d3 37. Bxd3 Rxd3 38. fxg6 Rd2+ 39. Kf3 Rxa2 40. gxf7+ Kxf7 41. Rb4 Rd2 42. Rb5 Kg6 43. Ke4 Rd4+ 44. Ke3 Rh4 45. b4 Rxh3+ 46. Ke4 Rh4+ 47. Ke3 Kf5 48. Rb8 Bc3 49. b5 Ke5 50. b6 Rb4 51. b7 Kxd5 52. Ke2 Bd4 53. Kd3 Ba7 54. Rh8 Rxb7 55. Rh5+ Kc6 56. Kc4 Bc5 57. Rh8 Rb4+ 58. Kd3 d5 59. Rc8+ Kd6 60. Rd8+ Ke6 61. Re8+ Be7 62. Ra8 Rb3+ 63. Kc2 Ra3 64. Re8 Ra7 65. Kd3 Ke5 66. Rb8 Ra3+ 67. Kc2 Kd4 68. Re8 Bc5 69. Rh8 Re3 70. Kd2 Re4 71. Kc2 Kc4 72. Kd2 Rf4 73. Rc8 Rf2+ 74. Ke1 Ra2 75. Kd1 Kd3 76. Kc1 Bd4 77. Rb8 Ra1+ 78. Rb1 Rxb1+ 79. Kxb1 Be3 0-1

[Event "Titled Tuesday intern op 21st Mar Early"]
[Site "Chess.com INT"]
[Date "2023.03.21"]
[Round "1"]
[White "Gruzman, Ilya"]
[Black "Diaz Rosas, Julio Cesar"]
[Result "0-1"]
[WhiteElo "2131"]
[BlackElo "2327"]
[PlyCount "86"]
[EventDate "2023.03.21"]
[EventType "swiss (blitz)"]
[EventRounds "11"]
[EventCountry "USA"]
[SourceTitle "EXT 2024"]
[Source "ChessBase"]
[SourceDate "2023.10.10"]
[SourceVersion "1"]
[SourceVersionDate "2023.10.10"]
[SourceQuality "1"]

1. d4 Nf6 2. c4 g6 3. Nc3 d5 4. cxd5 Nxd5 5. e4 Nxc3 6. bxc3 Bg7 7. Bc4 c5 8. Ne2 0-0 9. Be3 Nc6 10. 0-0 b6 11. Rc1 Bb7 12. Qd2 Qd7 13. Rfd1 Rfd8 14. f3 Rac8 15. Bb5 a6 16. Bxc6 Qxc6 17. d5 Qa4 18. c4 e6 19. h4 f5 20. h5 b5 21. Bg5 Rd7 22. hxg6 hxg6 23. Nf4 Bd4+ 24. Kh1 Rh7+ 25. Nh3 bxc4 26. dxe6 fxe4 27. fxe4 Bxe4 28. Kh2 Qc6 29. Rxc4 Qxe6 30. Qxd4 cxd4 31. Rxc8+ Qxc8 32. Rxd4 Qc7+ 33. Kg1 Rxh3 34. gxh3 Qg3+ 35. Kf1 Qxg5 36. a4 Qf4+ 37. Ke2 Qf3+ 38. Kd2 Qf2+ 39. Kc3 Qc2+ 40. Kb4 a5+ 41. Kb5 Qc6+ 42. Kxa5 Qc5+ 43. Ka6 Qxd4 0-1

[Event "Titled Tuesday intern op 21st Mar Early"]
[Site "Chess.com INT"]
[Date "2023.03.21"]
[Round "2"]
[White "Vasquez Schroder, Rodrigo Rafael"]
[Black "Diaz Rosas, Julio Cesar"]
[Result "1-0"]
[WhiteElo "2510"]
[BlackElo "2327"]
[PlyCount "145"]
[EventDate "2023.03.21"]
[EventType "swiss (blitz)"]
[EventRounds "11"]
[EventCountry "USA"]
[SourceTitle "EXT 2024"]
[Source "ChessBase"]
[SourceDate "2023.10.10"]
[SourceVersion "1"]
[SourceVersionDate "2023.10.10"]
[SourceQuality "1"]

1. d4 Nf6 2. c4 g6 3. g3 Bg7 4. Bg2 d5 5. cxd5 Nxd5 6. Nf3 0-0 7. 0-0 Nb6 8. Nc3 Nc6 9. e3 a5 10. Nh4 a4 11. a3 Qe8 12. f4 Na5 13. Rb1 Nb3 14. Bd2 c5 15. dxc5 Nc4 16. Bc1 Nxa3 17. bxa3 Bxc3 18. Bb2 Bxb2 19. Rxb2 Qb5 20. Bd5 Qxc5 21. Bxb3 axb3 22. Rxb3 Rxa3 23. Rxa3 Qxa3 24. Qd2 Bg4 25. Rc1 Qa4 26. Rb1 Qe4 27. Rb4 Qc6 28. Ng2 Ra8 29. Rb1 Bf5 30. Rc1 Qe4 31. Ne1 Be6 32. Qd3 Bd5 33. Qxe4 Bxe4 34. Rc7 e6 35. Rc4 f5 36. Rb4 Ra1 37. Kf2 Ra2+ 38. Kf1 Kf7 39. h4 Ke7 40. Rd4 Kf6 41. Nd3 Bxd3+ 42. Rxd3 Ke7 43. Rb3 Ra7 44. Rb6 Kd7 45. Ke2 Ra2+ 46. Kf3 Ra7 47. g4 Ke7 48. h5 Kf7 49. hxg6+ hxg6 50. gxf5 gxf5 51. e4 fxe4+ 52. Kxe4 Ke7 53. Ke5 Ra5+ 54. Ke4 Ra4+ 55. Ke5 Ra7 56. Rxe6+ Kf7 57. Rb6 Ra5+ 58. Ke4 Ra4+ 59. Kf5 Ra5+ 60. Kg4 Ra7 61. Kg5 Ra5+ 62. f5 Ra7 63. Rh6 Kg7 64. f6+ Kg8 65. Kg6 b5 66. Rh5 b4 67. Rb5 Ra8 68. Rb7 Rc8 69. Rxb4 Ra8 70. Rh4 Rc8 71. f7+ Kf8 72. Rh8+ Ke7 73. Rxc8 1-0